Making innovation work : (Record no. 3416)

000 -LEADER
fixed length control field nam a22 a 4500
003 - CONTROL NUMBER IDENTIFIER
control field AKMAL
005 - DATE AND TIME OF LATEST TRANSACTION
control field 20170522161935.0
008 - FIXED-LENGTH DATA ELEMENTS--GENERAL INFORMATION
fixed length control field 170522t20062006nju e b 001 0 eng d
020 ## - INTERNATIONAL STANDARD BOOK NUMBER
International Standard Book Number 9780131497863
Qualifying information hardback
040 ## - CATALOGING SOURCE
Original cataloging agency AKMAL
082 04 - DEWEY DECIMAL CLASSIFICATION NUMBER
Classification number 658.4063 DAV
Edition number 23
090 00 - LOCALLY ASSIGNED LC-TYPE CALL NUMBER (OCLC); LOCAL CALL NUMBER (RLIN)
Classification number (OCLC) (R) ; Classification number, CALL (RLIN) (NR) 658.4063
Local cutter number (OCLC) ; Book number/undivided call number, CALL (RLIN) DAV
100 1# - MAIN ENTRY--PERSONAL NAME
Personal name Davila, Tony,
Relator term author.
9 (RLIN) 6893
245 10 - TITLE STATEMENT
Title Making innovation work :
Remainder of title how to manage it, measure it, and profit from it /
Statement of responsibility, etc. Tony Davila, Marc J. Epstein, Robert Shelton
264 #1 - PRODUCTION, PUBLICATION, DISTRIBUTION, MANUFACTURE, AND COPYRIGHT NOTICE
Place of production, publication, distribution, manufacture Upper Saddle River, N.J. :
Name of producer, publisher, distributor, manufacturer Wharton School Pub.,
Date of production, publication, distribution, manufacture, or copyright notice 2006
264 #4 - PRODUCTION, PUBLICATION, DISTRIBUTION, MANUFACTURE, AND COPYRIGHT NOTICE
Date of production, publication, distribution, manufacture, or copyright notice ©2006
300 ## - PHYSICAL DESCRIPTION
Extent xxvi, 334 pages ;
Dimensions 24 cm
504 ## - BIBLIOGRAPHY, ETC. NOTE
Bibliography, etc. note Includes bibliographical references (pages 305-324) and index
650 10 - SUBJECT ADDED ENTRY--TOPICAL TERM
Topical term or geographic name entry element Organizational change
General subdivision Management
9 (RLIN) 1033
650 20 - SUBJECT ADDED ENTRY--TOPICAL TERM
Topical term or geographic name entry element Technological innovations
General subdivision Management
9 (RLIN) 6891
650 20 - SUBJECT ADDED ENTRY--TOPICAL TERM
Topical term or geographic name entry element Industrial management
9 (RLIN) 2203
700 1# - ADDED ENTRY--PERSONAL NAME
Personal name Epstein, Marc J.,
Relator term author.
9 (RLIN) 6894
700 1# - ADDED ENTRY--PERSONAL NAME
Personal name Shelton, Robert D.,
Relator term author.
9 (RLIN) 6895
942 ## - ADDED ENTRY ELEMENTS (KOHA)
Source of classification or shelving scheme
Koha item type Book
Holdings
Withdrawn status Lost status Source of classification or shelving scheme Damaged status Not for loan Collection code Home library Current library Shelving location Date acquired Inventory number Total Checkouts Full call number Barcode Date last seen Price effective from Koha item type
          NON-FICTION AKMAL Melaka AKMAL Melaka PINJAMAN 22.05.2017 602428   658.4063 DAV 201704399 22.05.2017 22.05.2017 Book
          NON-FICTION AKMAL Melaka AKMAL Melaka PINJAMAN 22.05.2017 602440   658.4063 DAV 201704398 22.05.2017 22.05.2017 Book
Pusat Sumber Maklumat Dato' Haji Sarmin Md Hussin, Akademi Kastam Diraja Malaysia, Melaka
Tel: 06-2331106 | Faks: 06-2313787